| 000 | 00396nam a2200169Ia 4500 | ||
|---|---|---|---|
| 005 | 20250603144722.0 | ||
| 008 | 250603s9999 xx 000 0 und d | ||
| 020 | _a0- 201- 83598- 3 | ||
| 050 | _aTA 177.4 .P369/ | ||
| 100 | _aChan S. Park | ||
| 245 | 0 | _aContemporary engineering economics | |
| 250 | _a2nd | ||
| 260 | _bAddison Wesley | ||
| 260 | _c1997 | ||
| 300 | _a803 p | ||
| 942 | _cBK | ||
| 999 |
_c39746 _d39746 |
||